[Event "FRA T IV 0910"]
[Site "Midi-Pyrénées"]
[Date "2009.10.18"]
[Round "2"]
[White "Levieux, Pascal"]
[Black "Cazes, Mathieu"]
[Result "0-1"]
[WhiteElo "2102"]
[BlackElo "2004"]
[PlyCount "90"]
[EventDate "2009.10.18"]
[EventType "team-match"]
[EventCountry "FRA"]

1. c4 c5 2. Nf3 Nc6 3. g3 Nf6 4. Bg2 g6 5. b3 Bg7 6. Bb2 O-O 7. O-O d6 8. h3 e5
9. d3 Nh5 10. e3 f5 11. d4 e4 12. Ne1 cxd4 13. exd4 f4 14. g4 f3 15. gxh5 fxg2
16. Nxg2 Bxh3 17. f4 Rf5 18. hxg6 hxg6 19. Rf2 Rh5 20. Qd2 Bxg2 21. Rxg2 Qh4
22. Na3 Rf8 23. Rf1 g5 24. Nb5 gxf4 25. Rh2 Qxh2+ 26. Qxh2 Rxh2 27. Kxh2 f3 28.
Kg3 Bh6 29. Nxd6 Bf4+ 30. Kf2 Bxd6 31. Ke3 Rf4 32. c5 Bb8 33. d5 Nb4 34. Rg1+
Kf8 35. d6 Nd5+ 36. Kd4 f2 37. Rf1 e3+ 38. Kd3 Kf7 39. Be5 Rg4 40. a3 Ke6 41.
Bh2 Rg2 42. d7 Kxd7 43. Bxb8 Rg1 44. c6+ Kxc6 45. Ke2 Nc3+ 0-1

[Event "FRA T IV 0910"]
[Site "Midi-Pyrénées"]
[Date "2009.10.18"]
[Round "2"]
[White "Dia, Hussein"]
[Black "Woloszyn, Florent"]
[Result "0-1"]
[WhiteElo "1913"]
[BlackElo "1987"]
[PlyCount "128"]
[EventDate "2009.10.18"]
[EventType "team-match"]
[EventCountry "FRA"]

1. e4 g6 2. d4 Bg7 3. Nf3 d6 4. Be2 Nf6 5. Nc3 O-O 6. O-O e5 7. dxe5 dxe5 8.
Qxd8 Rxd8 9. Nxe5 Nxe4 10. Nxf7 Nxc3 11. Bc4 Rf8 12. Ng5+ Kh8 13. bxc3 h6 14.
Ne6 Bxe6 15. Bxe6 Nc6 16. Rb1 b6 17. Bd5 Rf6 18. c4 Re8 19. Bb2 Rd6 20. Ba3 Rf6
21. Rbe1 Rc8 22. Re4 Kh7 23. Rfe1 Bf8 24. Bb2 Rd6 25. Re6 Rxe6 26. Rxe6 Ne7 27.
Be4 Rd8 28. Bd3 Rd6 29. Re4 Nf5 30. g3 Bg7 31. Ba3 c5 32. Bc1 Rd7 33. Re6 Rd6
34. Re8 Rd7 35. Bf4 Re7 36. Ra8 Nd4 37. Kg2 Nc6 38. Kf3 Be5 39. Be3 Bd4 40. Rc8
Ne5+ 41. Ke2 Bxe3 42. fxe3 Kg7 43. h3 h5 44. Rd8 Kf6 45. Rf8+ Kg5 46. Kf2 Re6
47. Rf4 Kh6 48. Be2 Kg7 49. Bf3 Rf6 50. Bd5 g5 51. Rxf6 Kxf6 52. e4 Nd7 53. Ke3
Ke5 54. a3 Nf6 55. c3 h4 56. g4 Nd7 57. Bc6 Nf8 58. Bd5 Ng6 59. Kf3 Nf4 60. a4
Nxh3 61. Kg2 Nf4+ 62. Kf2 Nd3+ 63. Kg2 Nb2 64. Bc6 Nxc4 0-1

[Event "FRA T IV 0910"]
[Site "Midi-Pyrénées"]
[Date "2009.10.18"]
[Round "2"]
[White "Le Gallen, Luc"]
[Black "Mohtaji, Javad"]
[Result "1-0"]
[WhiteElo "1999"]
[BlackElo "1887"]
[PlyCount "113"]
[EventDate "2009.10.18"]
[EventType "team-match"]
[EventCountry "FRA"]

1. d4 Nf6 2. Nf3 d5 3. c4 c6 4. Nc3 e6 5. Bg5 h6 6. Bxf6 Qxf6 7. e3 Nd7 8. Bd3
dxc4 9. Bxc4 g6 10. O-O Bg7 11. Qc2 O-O 12. Rad1 Rd8 13. h3 a6 14. Bb3 Qe7 15.
Ne4 Kh7 16. h4 Nf6 17. Ng3 Kh8 18. Ne5 Qe8 19. e4 Bd7 20. Nc4 Qe7 21. e5 Nd5
22. Nd6 Be8 23. h5 Rab8 24. hxg6 fxg6 25. Qe4 Bf8 26. Bc2 g5 27. Nxe8 Rxe8 28.
Nh5 Qf7 29. f4 Re7 30. g4 Qg8 31. Nf6 Qg7 32. fxg5 Qxg5 33. Rf3 Rg7 34. Kf2 Be7
35. Nh5 Qh4+ 36. Ke2 Qxg4 37. Nxg7 Qxe4+ 38. Bxe4 Kxg7 39. Rg1+ Bg5 40. Rgf1
Ne7 41. Rf7+ Kg8 42. Bh7+ Kh8 43. Bc2 Kg8 44. Bb3 Nd5 45. Bxd5 cxd5 46. Rc7 Bd8
47. Rd7 Bg5 48. Rff7 b5 49. Kf3 Bc1 50. b3 a5 51. Rg7+ Kh8 52. Rh7+ Kg8 53.
Rdg7+ Kf8 54. Kg4 Bb2 55. Kh5 Ba3 56. Kg6 Ke8 57. Rg8+ 1-0

[Event "FRA T IV 0910"]
[Site "Midi-Pyrénées"]
[Date "2009.10.18"]
[Round "2"]
[White "Ratsiambahotra, Tahiry"]
[Black "Golic, Nadil"]
[Result "1/2-1/2"]
[WhiteElo "1953"]
[BlackElo "1950"]
[PlyCount "70"]
[EventDate "2009.10.18"]
[EventType "team-match"]
[EventCountry "FRA"]

1. c4 e5 2. Nc3 c6 3. Nf3 d6 4. g3 f5 5. d4 e4 6. Ng5 Be7 7. h4 Nf6 8. d5 h6 9.
Nh3 Nbd7 10. Nf4 Ne5 11. Qb3 Qa5 12. Be3 Qa6 13. Bd4 Nfg4 14. Bh3 Qxc4 15. Qxc4
Nxc4 16. f3 exf3 17. exf3 Bf6 18. Bxf6 Nxf6 19. O-O-O O-O 20. b3 Ne3 21. Rd3
Nexd5 22. Nfxd5 Nxd5 23. Nxd5 cxd5 24. Rxd5 f4 25. g4 Bd7 26. Rxd6 Bc6 27. Bg2
Rae8 28. g5 h5 29. Rhd1 Re2 30. R1d2 Rfe8 31. R6d4 Bb5 32. a4 Rxd2 33. Rxd2 Bc6
34. Kc2 Re3 35. Rd3 Re2+ 1/2-1/2

[Event "FRA T IV 0910"]
[Site "Midi-Pyrénées"]
[Date "2009.10.18"]
[Round "2"]
[White "Mesples, Jean Marc"]
[Black "Bedel, Jean"]
[Result "1/2-1/2"]
[WhiteElo "1877"]
[BlackElo "1830"]
[PlyCount "169"]
[EventDate "2009.10.18"]
[EventType "team-match"]
[EventCountry "FRA"]

1. e4 c6 2. Nc3 d5 3. Nf3 Bg4 4. h3 Bxf3 5. Qxf3 dxe4 6. Nxe4 e6 7. c3 Nd7 8.
d4 Ngf6 9. Bg5 Be7 10. Bd3 Nxe4 11. Bxe7 Qxe7 12. Bxe4 Nf6 13. Bc2 O-O 14. O-O
c5 15. dxc5 Qxc5 16. Rad1 b6 17. Rfe1 Rac8 18. Bb3 Qc6 19. Qd3 Qc7 20. Qd6 Qxd6
21. Rxd6 Rfd8 22. Red1 Rxd6 23. Rxd6 Kf8 24. Rd4 Ke7 25. Ra4 Rc7 26. Kf1 Nd7
27. Rd4 Nf6 28. Ke2 e5 29. Rd3 Ne8 30. Re3 f6 31. Bc2 h6 32. f4 Kd6 33. fxe5+
fxe5 34. Bb3 Nf6 35. g3 Re7 36. Rd3+ Kc7 37. g4 Kc6 38. Rd1 Kc7 39. Ke3 Kc6 40.
Bc2 Kc7 41. Bf5 Ne8 42. b3 Nd6 43. Be4 Ne8 44. c4 Nd6 45. h4 Rf7 46. Rd5 Re7
47. c5 Ne8 48. g5 hxg5 49. hxg5 bxc5 50. Rxc5+ Kb6 51. Rc6+ Kb5 52. Rg6 Kc5 53.
a3 Nc7 54. Rc6+ Kb5 55. b4 Ne6 56. g6 Nc7 57. Rc5+ Ka4 58. Rc3 Kb5 59. Bc6+ Kb6
60. a4 a6 61. Be4 Ne8 62. Rc6+ Ka7 63. Bd3 Nc7 64. Ke4 Rd7 65. Bc4 Kb7 66. Rc5
Rd6 67. Kf5 Rf6+ 68. Kg5 Ne6+ 69. Bxe6 Rxe6 70. Rc3 e4 71. Re3 Kc6 72. Kf5 Kd5
73. Re1 Rf6+ 74. Kg5 Kd4 75. Rd1+ Kc4 76. b5 axb5 77. axb5 e3 78. Rd7 Re6 79.
Rxg7 e2 80. Rc7+ Kxb5 81. Rc1 e1=Q 82. Rxe1 Rxe1 83. g7 Kc6 84. Kf6 Rg1 85. Kf7
1/2-1/2

[Event "FRA T IV 0910"]
[Site "Midi-Pyrénées"]
[Date "2009.10.18"]
[Round "2"]
[White "Mevel, Noel"]
[Black "Bougouin, Blaise"]
[Result "1-0"]
[WhiteElo "1806"]
[BlackElo "1670"]
[PlyCount "95"]
[EventDate "2009.10.18"]
[EventType "team-match"]
[EventCountry "FRA"]

1. e4 g6 2. d4 Bg7 3. Nc3 d6 4. Be3 c6 5. Qd2 e5 6. dxe5 Bxe5 7. f4 Bg7 8.
O-O-O d5 9. exd5 Nf6 10. dxc6 Qxd2+ 11. Rxd2 Nxc6 12. Bc5 Be6 13. Nf3 Bf8 14.
Bxf8 Kxf8 15. Ng5 Bf5 16. Bc4 Nd8 17. Rhd1 Kg7 18. h3 h6 19. Nf3 Be6 20. Bb5 a6
21. Be2 Nh5 22. f5 gxf5 23. Nd4 Nf6 24. Nxe6+ fxe6 25. Rd6 Re8 26. Bc4 e5 27.
Nd5 Nxd5 28. R1xd5 Nc6 29. Rd7+ Re7 30. Rxe7+ Nxe7 31. Rxe5 Nc6 32. Rxf5 b5 33.
Bd5 Rc8 34. Bxc6 Rxc6 35. Kd2 Kg6 36. Rf4 Kg5 37. Rd4 Rc5 38. c3 h5 39. Ke3 a5
40. g3 a4 41. Ke4 Rc4 42. Rxc4 bxc4 43. Ke5 Kg6 44. h4 Kh6 45. Kf6 Kh7 46. Kg5
Kg7 47. Kxh5 Kh7 48. Kg5 1-0

[Event "FRA T IV 0910"]
[Site "Midi-Pyrénées"]
[Date "2009.10.18"]
[Round "2"]
[White "Verges, Jean"]
[Black "Brauckmann, Hartwich"]
[Result "1-0"]
[WhiteElo "1710"]
[BlackElo "1778"]
[PlyCount "67"]
[EventDate "2009.10.18"]
[EventType "team-match"]
[EventCountry "FRA"]

1. e3 d5 2. d4 Nf6 3. c4 c6 4. Nf3 Bg4 5. Be2 e6 6. Nc3 Be7 7. cxd5 exd5 8. Qc2
Nbd7 9. Bd3 Rc8 10. Bd2 a6 11. Nh4 Ne4 12. Bxe4 Bxh4 13. Bf5 Bxf5 14. Qxf5 Qf6
15. Qxf6 Bxf6 16. O-O O-O 17. Rac1 g6 18. Rc2 Bg7 19. Rfc1 f5 20. Nxd5 Rfe8 21.
Bb4 Kf7 22. Nf4 Re4 23. Nd3 Nb6 24. Bd6 Bxd4 25. exd4 Rxd4 26. Bc5 Rxd3 27.
Bxb6 Re8 28. Kf1 Rd5 29. Re1 Rb5 30. Rxe8 Kxe8 31. Bd4 Rd5 32. Re2+ Kd7 33. Bc3
Rd3 34. Rd2 1-0

[Event "FRA T IV 0910"]
[Site "Midi-Pyrénées"]
[Date "2009.10.18"]
[Round "2"]
[White "Tosello, Mickael"]
[Black "Sadones, Thibault"]
[Result "1-0"]
[WhiteElo "1770"]
[BlackElo "1650"]
[PlyCount "101"]
[EventDate "2009.10.18"]
[EventType "team-match"]
[EventCountry "FRA"]

1. e4 e6 2. d4 d5 3. exd5 exd5 4. Nf3 Bf5 5. Bf4 Nf6 6. Be2 Be7 7. Nc3 Nbd7 8.
Nb5 Nh5 9. Bxc7 Qc8 10. c3 O-O 11. Nd6 Bxd6 12. Bxd6 Re8 13. Ne5 Nxe5 14. Bxe5
Nf6 15. Bxf6 gxf6 16. f3 Qe6 17. Qd2 Re7 18. Kf2 Rae8 19. Rhe1 Qd6 20. g3 Re3
21. Bb5 Rxe1 22. Rxe1 Re7 23. Rxe7 Qxe7 24. Qe3 Kf8 25. Qxe7+ Kxe7 26. Ke3 Kd6
27. Bd3 Bg6 28. g4 h6 29. f4 Bxd3 30. Kxd3 Ke6 31. f5+ Kd6 32. Ke3 Ke7 33. Kf4
Kd6 34. h4 Ke7 35. b3 b6 36. c4 dxc4 37. bxc4 Kd6 38. g5 hxg5+ 39. hxg5 fxg5+
40. Kxg5 Ke7 41. d5 f6+ 42. Kg6 a6 43. d6+ Kxd6 44. Kxf6 Kc5 45. Ke7 Kxc4 46.
f6 b5 47. f7 a5 48. f8=Q Kb4 49. Qf3 a4 50. Kd6 Kc4 51. Qd5+ 1-0

[Event "FRA T IV 0910"]
[Site "Midi-Pyrénées"]
[Date "2009.10.18"]
[Round "?"]
[White "Denerier, Jean Claude"]
[Black "Dehaine, Guy"]
[Result "0-1"]
[WhiteElo "1499"]
[BlackElo "1720"]
[PlyCount "62"]
[EventDate "2009.10.18"]
[EventType "team-match"]
[EventCountry "FRA"]

1. e4 d5 2. d3 c6 3. Qf3 e5 4. exd5 cxd5 5. Nh3 Bb4+ 6. Bd2 Qa5 7. c3 Be7 8. a3
Nf6 9. Qg3 O-O 10. Be2 Bf5 11. Bh6 Bg6 12. Bd2 e4 13. c4 Qb6 14. Bc3 d4 15. Bb4
Bxb4+ 16. axb4 Qxb4+ 17. Nd2 Re8 18. Nf4 e3 19. Rd1 exd2+ 20. Rxd2 Nh5 21. Nd5
Nxg3 22. Nxb4 Nxh1 23. Rd1 Nc6 24. Nxc6 bxc6 25. Kd2 Rab8 26. Rb1 a5 27. g3 a4
28. Bf3 Nxf2 29. Bxc6 Bxd3 30. Ra1 Rxb2+ 31. Kc1 Rc2+ 0-1

[Event "FRA T IV 0910"]
[Site "Midi-Pyrénées"]
[Date "2009.10.18"]
[Round "?"]
[White "Carivenc, Thierry"]
[Black "Marty, Brice"]
[Result "1/2-1/2"]
[WhiteElo "1746"]
[BlackElo "1960"]
[PlyCount "96"]
[EventDate "2009.10.18"]
[EventType "team-match"]
[EventCountry "FRA"]

1. e4 c5 2. g3 Nc6 3. Bg2 d6 4. Nc3 e5 5. d3 Nf6 6. Nge2 Be7 7. O-O Bd7 8. h3
Qc8 9. Kh2 h5 10. f4 h4 11. f5 hxg3+ 12. Nxg3 Nd4 13. Bg5 g6 14. Bxf6 Bxf6 15.
Nd5 Bh4 16. c3 Nb5 17. Qf3 g5 18. Nh5 Nc7 19. Nhf6+ Kd8 20. b4 Nxd5 21. Nxd5
cxb4 22. cxb4 Bc6 23. Rac1 Qd7 24. Ne3 f6 25. Qd1 Ke7 26. Bf3 Rac8 27. Bh5 a6
28. Bg6 Kf8 29. Qb3 Kg7 30. Nd5 Bxd5 31. Qxd5 Rc6 32. Rc4 Rhc8 33. Rfc1 Bf2 34.
a4 Be3 35. b5 Bxc1 36. bxc6 Bf4+ 37. Kg2 bxc6 38. Qa5 Qa7 39. Qe1 Qe3 40. Qxe3
Bxe3 41. Rb4 Rc7 42. Rb8 d5 43. exd5 cxd5 44. Rd8 d4 45. Bh5 a5 46. Rd5 Bd2 47.
Rd8 Bb4 48. Kf3 Be7 1/2-1/2

[Event "FRA T IV 0910"]
[Site "Midi-Pyrénées"]
[Date "2009.10.18"]
[Round "?"]
[White "Marty, Damien"]
[Black "Scandella, Thierry"]
[Result "0-1"]
[WhiteElo "2060"]
[BlackElo "2051"]
[PlyCount "104"]
[EventDate "2009.10.18"]
[EventType "team-match"]
[EventCountry "FRA"]

1. e4 c6 2. d4 d5 3. e5 Bf5 4. h4 h5 5. Ne2 g6 6. Ng3 Bd7 7. Bd3 e6 8. Bg5 Qb6
9. Nd2 Qxd4 10. Nf3 Qb6 11. O-O Ne7 12. Bf6 Rh6 13. Ng5 c5 14. Qf3 Nf5 15. Bxf5
gxf5 16. Nxh5 Nc6 17. c3 Ne7 18. Rfd1 Bc6 19. a4 Qxb2 20. Nf4 Rxh4 21. Nxf7
Rxf4 22. Nd6+ Kd7 23. Qxf4 Qxc3 24. Qg5 b6 25. a5 b5 26. Rdc1 Qd4 27. a6 c4 28.
Ra3 Qg4 29. Qxg4 fxg4 30. Rg3 Nf5 31. Rxg4 Nxd6 32. exd6 Kxd6 33. Bd4 b4 34.
Rb1 b3 35. Rf4 Be7 36. Rf7 e5 37. Bxe5+ Kxe5 38. Rxe7+ Kd6 39. Rg7 Rb8 40. Rxa7
Rb6 41. Rg7 Rxa6 42. Rg3 Rb6 43. Kf1 d4 44. Ke2 Be4 45. Rd1 Ke5 46. Rh3 b2 47.
Rh5+ Kf6 48. Rh6+ Bg6 49. Rb1 Kg5 50. Rxg6+ Kxg6 51. Kd2 c3+ 52. Kc2 Ra6 0-1

[Event "FRA T IV 0910"]
[Site "Midi-Pyrénées"]
[Date "2009.10.18"]
[Round "?"]
[White "Andreu, David"]
[Black "Thamier, Stephan"]
[Result "1/2-1/2"]
[WhiteElo "1710"]
[BlackElo "1910"]
[PlyCount "73"]
[EventDate "2009.10.18"]
[EventType "team-match"]
[EventCountry "FRA"]

1. d4 d5 2. c4 Nf6 3. Nf3 Bg4 4. e3 e6 5. Be2 c6 6. a3 Bxf3 7. Bxf3 dxc4 8. Qe2
b5 9. a4 Bb4+ 10. Bd2 Qa5 11. O-O O-O 12. Nc3 Bxc3 13. Bxc3 b4 14. Be1 c3 15.
bxc3 bxc3 16. Qc4 Nd5 17. e4 Nb6 18. Qxc3 Qxc3 19. Bxc3 N8d7 20. Rfc1 Rac8 21.
a5 Na8 22. Bb4 Rfd8 23. e5 c5 24. Bxc5 Nxc5 25. dxc5 Nc7 26. Rab1 Rb8 27. Kf1
Kf8 28. Bb7 Rd4 29. a6 f6 30. exf6 gxf6 31. Rd1 Rxd1+ 32. Rxd1 Ke7 33. Rd3 Rg8
34. Rh3 Rg7 35. c6 Kd6 36. Rd3+ Nd5 37. g3 1/2-1/2

[Event "FRA T IV 0910"]
[Site "Midi-Pyrénées"]
[Date "2009.10.18"]
[Round "?"]
[White "Nivat, Alain"]
[Black "Stas, Jean"]
[Result "1-0"]
[WhiteElo "1825"]
[BlackElo "1730"]
[PlyCount "39"]
[EventDate "2009.10.18"]
[EventType "team-match"]
[EventCountry "FRA"]

1. e4 c5 2. d4 cxd4 3. c3 Nf6 4. e5 Nd5 5. cxd4 e6 6. Nf3 Bb4+ 7. Bd2 Qa5 8.
Nc3 Nc6 9. Rc1 Nxc3 10. bxc3 Be7 11. Bd3 d5 12. O-O h6 13. Qe2 O-O 14. Bb1 f5
15. exf6 Bxf6 16. Qd3 Kf7 17. Qg6+ Ke7 18. c4 Qd8 19. cxd5 Nxd4 20. Bb4+ 1-0

[Event "FRA T IV 0910"]
[Site "Midi-Pyrénées"]
[Date "2009.10.18"]
[Round "?"]
[White "Gerothwohl, Tristan"]
[Black "Butten, Herman"]
[Result "0-1"]
[WhiteElo "1770"]
[BlackElo "1600"]
[PlyCount "41"]
[EventDate "2009.10.18"]
[EventType "team-match"]
[EventCountry "FRA"]

1. e4 e6 2. d4 d5 3. exd5 Qxd5 4. Nf3 g6 5. c4 Qd8 6. Nc3 Bg7 7. Be3 Nf6 8. Be2
c6 9. O-O O-O 10. Qd2 a6 11. Bh6 b5 12. Bxg7 Kxg7 13. Ne5 Bb7 14. Rad1 Nbd7 15.
Qf4 bxc4 16. Nxc4 Nd5 17. Qg3 Qc7 18. Nd6 N7f6 19. Bf3 Qe7 20. Rfe1 Rab8 21.
Nf5+ 0-1

[Event "FRA T IV 0910"]
[Site "Midi-Pyrénées"]
[Date "2009.10.18"]
[Round "?"]
[White "Caron, Jean Marie"]
[Black "Morariu, Ioana"]
[Result "0-1"]
[WhiteElo "1901"]
[BlackElo "2094"]
[PlyCount "90"]
[EventDate "2009.10.18"]
[EventType "team-match"]
[EventCountry "FRA"]

1. c4 Nf6 2. Nc3 c5 3. g3 d5 4. cxd5 Nxd5 5. Bg2 Nxc3 6. bxc3 Qc7 7. Nf3 e5 8.
O-O Be7 9. d4 Nc6 10. d5 Nd8 11. c4 f6 12. Qc2 Nf7 13. Nh4 g5 14. Nf5 Bxf5 15.
Qxf5 Nd6 16. Qc2 Qd7 17. a4 Qg4 18. e4 h5 19. h3 Qd7 20. f4 gxf4 21. gxf4 Rg8
22. Kh2 Bf8 23. fxe5 fxe5 24. Ra3 Qg7 25. Rc3 Be7 26. Qf2 Bh4 27. Qe2 O-O-O 28.
Rcf3 Nxe4 29. Rf7 Ng3 30. Rxg7 Nxe2 31. Rxg8 Rxg8 32. Ba3 Nf4 33. Be4 Bg3+ 34.
Kh1 b6 35. Bf5+ Kc7 36. Bb2 Kd6 37. Rf3 h4 38. Re3 Nh5 39. Bg4 Nf6 40. Be6 Rg5
41. Re2 Bf4 42. Rg2 Ne4 43. Rxg5 Bxg5 44. Bf5 Ng3+ 45. Kg2 Nxf5 0-1

[Event "FRA T IV 0910"]
[Site "Midi-Pyrénées"]
[Date "2009.10.18"]
[Round "?"]
[White "Boukhris, Khaled"]
[Black "Torcol, Remi"]
[Result "1-0"]
[WhiteElo "1797"]
[BlackElo "1850"]
[PlyCount "69"]
[EventDate "2009.10.18"]
[EventType "team-match"]
[EventCountry "FRA"]

1. e4 c5 2. Nf3 d6 3. Nc3 Nc6 4. g3 g6 5. d3 Bg7 6. Bg2 Nf6 7. O-O O-O 8. h3
Rb8 9. Be3 b5 10. Qd2 Re8 11. Ng5 h6 12. Nf3 Kh7 13. Ne2 Bd7 14. c3 b4 15. Kh2
Qa5 16. Nfg1 Rb6 17. f4 Reb8 18. c4 Ng8 19. e5 Qa6 20. g4 Qc8 21. Ng3 f5 22.
exf6 Bxf6 23. f5 g5 24. Nf3 Ne5 25. Ne4 Nxf3+ 26. Bxf3 Be5+ 27. Kg2 Nf6 28. h4
Nxe4 29. Bxe4 Bc6 30. hxg5 Qb7 31. Kf3 d5 32. g6+ Kg8 33. cxd5 Bxd5 34. Rh1 Rd8
35. Qe2 1-0

[Event "FRA T IV 0910"]
[Site "Midi-Pyrénées"]
[Date "2009.10.18"]
[Round "?"]
[White "Villeneuve, Samuel"]
[Black "Partinico, Jeremy"]
[Result "0-1"]
[WhiteElo "1810"]
[BlackElo "1882"]
[PlyCount "78"]
[EventDate "2009.10.18"]
[EventType "team-match"]
[EventCountry "FRA"]

1. e4 c5 2. Nf3 e6 3. d4 cxd4 4. Nxd4 Nf6 5. Nc3 Nc6 6. Be3 Bb4 7. Bd3 d5 8.
Nxc6 bxc6 9. e5 Nd7 10. Qg4 Qa5 11. O-O g6 12. Ne2 Nxe5 13. Qg3 f6 14. Bd4 Bd6
15. f4 Nxd3 16. cxd3 Bc5 17. Qe3 Bxd4 18. Nxd4 Qb6 19. Rae1 c5 20. Nxe6 Bxe6
21. Qxe6+ Qxe6 22. Rxe6+ Kf7 23. Rfe1 Rhe8 24. Rxe8 Rxe8 25. Rxe8 Kxe8 26. Kf2
Ke7 27. d4 Kd6 28. Ke3 c4 29. Kd2 a5 30. Kc3 h5 31. h3 h4 32. Kd2 Ke6 33. a4
Kf5 34. Ke3 g5 35. fxg5 fxg5 36. Kf3 g4+ 37. hxg4+ Kg5 38. g3 h3 39. Kf2 Kxg4
0-1

[Event "FRA T IV 0910"]
[Site "Midi-Pyrénées"]
[Date "2009.10.18"]
[Round "?"]
[White "Lavole, Olivier"]
[Black "Vacher, David"]
[Result "1-0"]
[WhiteElo "1780"]
[BlackElo "1700"]
[PlyCount "73"]
[EventDate "2009.10.18"]
[EventType "team-match"]
[EventCountry "FRA"]

1. e4 e5 2. Bc4 Nf6 3. d3 Bc5 4. Nf3 Nc6 5. O-O h6 6. Nc3 d6 7. h3 Qe7 8. a4
Be6 9. Nd5 Bxd5 10. exd5 Nd4 11. Nxd4 Bxd4 12. c3 c6 13. cxd4 cxd5 14. Bb5+ Kd8
15. dxe5 dxe5 16. d4 e4 17. Bf4 a6 18. Be2 Nd7 19. Qb3 g5 20. Bd2 Nf6 21. Rac1
Ke8 22. Qc3 Kf8 23. Qc7 Qxc7 24. Rxc7 Rb8 25. Rfc1 Kg7 26. Bb4 Ne8 27. Re7 Kg6
28. f3 exf3 29. Bxf3 Nf6 30. Rcc7 Rh7 31. Rxb7 Rxb7 32. Rxb7 h5 33. Be2 Rh8 34.
Rb6 Re8 35. Bxa6 g4 36. h4 Re4 37. Bd3 1-0

[Event "FRA T IV 0910"]
[Site "Midi-Pyrénées"]
[Date "2009.10.18"]
[Round "?"]
[White "Auriol, Jean"]
[Black "Camilleri, Herve"]
[Result "0-1"]
[WhiteElo "1590"]
[BlackElo "1800"]
[PlyCount "50"]
[EventDate "2009.10.18"]
[EventType "team-match"]
[EventCountry "FRA"]

1. e4 e5 2. Nf3 Nf6 3. Nc3 Bb4 4. d3 Nc6 5. Bg5 h6 6. Bh4 O-O 7. Be2 g5 8. Bg3
d5 9. O-O Bxc3 10. bxc3 dxe4 11. Nxe5 Nxe5 12. Bxe5 Re8 13. Bd4 Bf5 14. dxe4
Nxe4 15. Bd3 Qd7 16. Re1 b6 17. f3 Nd6 18. Be5 Nb5 19. Bxb5 Qxb5 20. Bxc7 Rxe1+
21. Qxe1 Qc5+ 22. Qf2 Qxc7 23. Qd2 Rc8 24. g4 Qc5+ 25. Kg2 Be6 0-1

[Event "FRA T IV 0910"]
[Site "Midi-Pyrénées"]
[Date "2009.10.18"]
[Round "?"]
[White "Riviere, Gerard"]
[Black "Villeneuve, Thomas"]
[Result "1-0"]
[WhiteElo "1640"]
[BlackElo "1610"]
[PlyCount "63"]
[EventDate "2009.10.18"]
[EventType "team-match"]
[EventCountry "FRA"]

1. d4 d5 2. c4 e5 3. dxe5 d4 4. Nf3 Nc6 5. Bg5 Be7 6. Bxe7 Ngxe7 7. Nbd2 Ng6 8.
g3 Ngxe5 9. Bg2 Nxf3+ 10. Nxf3 O-O 11. O-O Be6 12. Rc1 Qd7 13. Qd2 Rfd8 14.
Rfd1 Rab8 15. Qf4 b5 16. cxb5 Rxb5 17. b3 Rf5 18. Qd2 Rd5 19. Ng5 Rd6 20. Nxe6
fxe6 21. Rc5 Nb8 22. Rdc1 Na6 23. Rc6 Rxc6 24. Rxc6 Nb8 25. Rc1 e5 26. Qa5 a6
27. Qxe5 Re8 28. Qxc7 Qxc7 29. Rxc7 h6 30. Bd5+ Kh7 31. Bc4 Kg6 32. Bf7+ 1-0

[Event "FRA T IV 0910"]
[Site "Midi-Pyrénées"]
[Date "2009.10.18"]
[Round "?"]
[White "Tanguy, Fabien"]
[Black "Tugaye, Francis"]
[Result "1/2-1/2"]
[WhiteElo "1998"]
[BlackElo "2067"]
[PlyCount "44"]
[EventDate "2009.10.18"]
[EventType "team-match"]
[EventCountry "FRA"]

1. c4 Nf6 2. Nc3 c5 3. g3 e6 4. Bg2 d5 5. cxd5 exd5 6. d3 d4 7. Ne4 Nxe4 8.
Bxe4 Bd6 9. e3 O-O 10. Qh5 g6 11. Qf3 Qe7 12. Ne2 Nc6 13. Bxc6 bxc6 14. O-O h5
15. Re1 Bf5 16. Bd2 Bxd3 17. exd4 Qe4 18. Qxe4 Bxe4 19. Rac1 cxd4 20. Nxd4 Bd5
21. Nxc6 Rfc8 22. Nb4 Bxb4 1/2-1/2

[Event "FRA T IV 0910"]
[Site "Midi-Pyrénées"]
[Date "2009.10.18"]
[Round "?"]
[White "Rich, Philippe"]
[Black "Besset, Thierry"]
[Result "1-0"]
[WhiteElo "2007"]
[BlackElo "1830"]
[PlyCount "87"]
[EventDate "2009.10.18"]
[EventType "team-match"]
[EventCountry "FRA"]

1. e4 e5 2. Nf3 Nc6 3. d4 exd4 4. Bc4 Nf6 5. O-O Nxe4 6. Re1 d5 7. Bxd5 Qxd5 8.
Nc3 Qa5 9. Nxe4 Be6 10. Neg5 O-O-O 11. Nxe6 fxe6 12. Rxe6 h6 13. a3 g5 14. b4
Qf5 15. Qe2 d3 16. cxd3 Qxd3 17. Qxd3 Rxd3 18. Bb2 Rh7 19. Rae1 Bd6 20. h3 Bf4
21. Re8+ Rd8 22. g3 Rxe8 23. Rxe8+ Kd7 24. Ra8 Bd6 25. b5 Na5 26. Rxa7 b6 27.
Be5 Rf7 28. Bxd6 Kxd6 29. Kg2 Kd5 30. a4 Ke4 31. Ra8 Nc4 32. Re8+ Kd5 33. Rh8
Rf6 34. Rh7 c6 35. bxc6 Rxc6 36. Nh2 Nb2 37. Ra7 Rc5 38. Ng4 Ra5 39. Ne3+ Kc6
40. Rh7 Nxa4 41. Rxh6+ Kc5 42. h4 Kd4 43. hxg5 Rxg5 44. Rh4+ 1-0

[Event "FRA T IV 0910"]
[Site "Midi-Pyrénées"]
[Date "2009.10.18"]
[Round "?"]
[White "Forest, Eric"]
[Black "Bunjaku, Rijard"]
[Result "1-0"]
[WhiteElo "1808"]
[BlackElo "1970"]
[PlyCount "61"]
[EventDate "2009.10.18"]
[EventType "team-match"]
[EventCountry "FRA"]

1. Nf3 c5 2. d3 Nc6 3. g3 d5 4. Bg2 h6 5. Nc3 Nf6 6. a3 d4 7. Nb1 e5 8. Nfd2
Qc7 9. Ne4 Nxe4 10. Bxe4 f5 11. Bg2 Bd6 12. e3 O-O 13. Bd5+ Kh7 14. O-O Bd7 15.
Nd2 f4 16. Nc4 dxe3 17. fxe3 fxg3 18. hxg3 Rxf1+ 19. Qxf1 Rf8 20. Qg2 b5 21.
Nxd6 Qxd6 22. Be4+ Kh8 23. Bd2 Nd8 24. a4 bxa4 25. Bc3 Ne6 26. Rf1 Rxf1+ 27.
Qxf1 Ng5 28. Bf5 Bxf5 29. Qxf5 e4 30. Kg2 Qc6 31. Qf8+ 1-0

[Event "FRA T IV 0910"]
[Site "Midi-Pyrénées"]
[Date "2009.10.18"]
[Round "?"]
[White "Labat, Jory"]
[Black "Nenert, Louis"]
[Result "1-0"]
[WhiteElo "1929"]
[BlackElo "1760"]
[PlyCount "105"]
[EventDate "2009.10.18"]
[EventType "team-match"]
[EventCountry "FRA"]

1. d4 Nf6 2. Nf3 e6 3. c4 b6 4. Nc3 Bb7 5. g3 Be7 6. Bg2 O-O 7. O-O Ne4 8. Qc2
Nxc3 9. bxc3 f5 10. Nd2 Bxg2 11. Kxg2 Bg5 12. f4 Bh6 13. e4 Qc8 14. Ba3 d6 15.
Nf3 Qa6 16. Qb3 fxe4 17. Nd2 e3 18. Nf3 Nc6 19. c5 Rfe8 20. cxd6 Na5 21. Qa4
Qe2+ 22. Kg1 cxd6 23. Bxd6 Qd3 24. Ne5 Qe4 25. Qd7 e2 26. Rfe1 Rac8 27. Qf7+
Kh8 28. Qh5 Nc6 29. Rxe2 Qd5 30. Nf7+ Kg8 31. Be5 Nxe5 32. Rxe5 Qd7 33. Nxh6+
gxh6 34. Qxh6 Re7 35. Rg5+ Kh8 36. Qf6+ Rg7 37. Re1 Qf7 38. Qxg7+ Qxg7 39. Rxg7
Kxg7 40. Rxe6 Rxc3 41. Re7+ Kg6 42. Rxa7 Rd3 43. Ra6 Kf5 44. Rxb6 Rd2 45. a4
Kg4 46. Rb3 Rd1+ 47. Kf2 Rxd4 48. Ra3 Rd2+ 49. Ke3 Rxh2 50. a5 Rb2 51. a6 Rb8
52. a7 Ra8 53. Kd4 1-0

[Event "FRA T IV 0910"]
[Site "Midi-Pyrénées"]
[Date "2009.10.18"]
[Round "?"]
[White "De Biasi, Robert"]
[Black "Bandan, Taiwan"]
[Result "1-0"]
[WhiteElo "1755"]
[BlackElo "1829"]
[PlyCount "79"]
[EventDate "2009.10.18"]
[EventType "team-match"]
[EventCountry "FRA"]

1. c4 c5 2. Nc3 Nc6 3. g3 e6 4. Bg2 Nge7 5. Nf3 g6 6. O-O Bg7 7. e3 O-O 8. a3
d5 9. cxd5 exd5 10. d4 c4 11. b4 Bg4 12. Qd2 Qd7 13. Re1 Bh6 14. Bb2 Nf5 15. b5
Na5 16. Ne5 Nb3 17. Nxd7 Nxd2 18. Nf6+ Kg7 19. Nxg4 Nb3 20. Nxh6 Kxh6 21. Rad1
Ne7 22. Nxd5 Nxd5 23. Bxd5 Rac8 24. Bc3 b6 25. Rb1 Na5 26. Bxa5 bxa5 27. Rec1
c3 28. Bc6 a6 29. Rxc3 axb5 30. Rxb5 f5 31. Rxa5 g5 32. Rac5 f4 33. exf4 gxf4
34. g4 Rb8 35. Rh5+ Kg7 36. Be4 Rfc8 37. Rxh7+ Kg8 38. Rhc7 Rxc7 39. Rxc7 Rb2
40. Kg2 1-0